<?xml version="1.0" encoding="UTF-8"?><record xmlns="http://www.loc.gov/MARC21/slim" xmlns:zs="http://docs.oasis-open.org/ns/search-ws/sruResponse">
  <leader>00853cz  a2200265n  4500</leader>
  <controlfield tag="001">sh 85032907 </controlfield>
  <controlfield tag="003">DLC</controlfield>
  <controlfield tag="005">20141211154139.5</controlfield>
  <controlfield tag="008">860211i| anannbabn          |a ana      </controlfield>
  <datafield ind1=" " ind2=" " tag="010">
    <subfield code="a">sh 85032907 </subfield>
  </datafield>
  <datafield ind1=" " ind2=" " tag="035">
    <subfield code="a">(DLC)sh 85032907</subfield>
  </datafield>
  <datafield ind1=" " ind2=" " tag="035">
    <subfield code="a">(DLC)31798</subfield>
  </datafield>
  <datafield ind1=" " ind2=" " tag="040">
    <subfield code="a">DLC</subfield>
    <subfield code="c">DLC</subfield>
    <subfield code="d">DLC</subfield>
    <subfield code="d">OkU</subfield>
  </datafield>
  <datafield ind1=" " ind2="0" tag="053">
    <subfield code="a">HG4028.P7</subfield>
  </datafield>
  <datafield ind1=" " ind2=" " tag="150">
    <subfield code="a">Corporate profits</subfield>
  </datafield>
  <datafield ind1=" " ind2=" " tag="450">
    <subfield code="a">Corporate earnings</subfield>
  </datafield>
  <datafield ind1=" " ind2=" " tag="450">
    <subfield code="a">Corporate net income</subfield>
  </datafield>
  <datafield ind1=" " ind2=" " tag="450">
    <subfield code="a">Earnings (Business)</subfield>
  </datafield>
  <datafield ind1=" " ind2=" " tag="450">
    <subfield code="a">Net income, Corporate</subfield>
  </datafield>
  <datafield ind1=" " ind2=" " tag="550">
    <subfield code="w">g</subfield>
    <subfield code="a">Corporations</subfield>
    <subfield code="x">Finance</subfield>
  </datafield>
  <datafield ind1=" " ind2=" " tag="550">
    <subfield code="w">g</subfield>
    <subfield code="a">Profit</subfield>
  </datafield>
  <datafield ind1=" " ind2=" " tag="670">
    <subfield code="a">UMI business vocab.</subfield>
    <subfield code="b">(Net income)</subfield>
  </datafield>
  <datafield ind1=" " ind2=" " tag="670">
    <subfield code="a">LC database, 2/10/94.</subfield>
  </datafield>
  <datafield ind1=" " ind2=" " tag="670">
    <subfield code="a">Oxford English Dictionary:</subfield>
    <subfield code="b">(Earning, 1b concretely in plural: ... also, the income produced by invested capital)</subfield>
  </datafield>
  <datafield ind1=" " ind2=" " tag="670">
    <subfield code="a">Ma, S. Peer firm earnings quality and the cost of equity [thesis], 2014.</subfield>
  </datafield>
</record>
